000 01300pam a2200337 a 4500
001 4507262
005 20250118155548.0
008 980707s1999 nyu b 001 0 eng c
020 _a9780028047553
050 0 0 _aR725.5
_b.J83 1999
082 0 0 _a174/.2
_221
100 1 _aJudson, Karen,
_d1941-
245 1 0 _aLaw & ethics for medical careers /
_cKaren Judson, Sharon Hicks.
250 _a2nd ed.
260 _aNew York, N.Y. :
_bGlencoe McGraw-Hill
_cc1999.
300 _ax, 262 p. ;
_c28 cm.
500 _aRev. ed. of: Law and ethics for health occupations. c1994.
500 _aIncludes index.
650 0 _aMedical ethics.
650 0 _aMedical jurisprudence.
650 0 _aMedical assistants
_xProfessional ethics.
650 0 _aMedical assistants
_xLegal status, laws, etc.
650 1 2 _aAllied Health Personnel
_vprogrammed instruction.
650 2 2 _aEthics, Medical
_vprogrammed instruction.
650 2 2 _aLegislation, Medical
_vprogrammed instruction.
700 1 _aHicks, Sharon,
_d1953-
700 1 _aJudson, Karen,
_d1941-
_tLaw and ethics for health occupations.
856 4 2 _3Publisher description
_uhttp://www.loc.gov/catdir/description/mh031/98029423.html
856 4 1 _3Table of contents
_uhttp://www.loc.gov/catdir/toc/mh031/98029423.html
942 _2lcc
_cBK
_e2nd ed.
_n0
999 _c2683
_d2683